Science Quiz

Random Science or Mythology Quiz
Score 0/18 Timer 02:00
0 Plays Today
% Correct
Promethium
100%
Neptunium
100%
Mercury
97.3%
Thorium
97.3%
Plutonium
97.3%
Selenium
96%
Titanium
94.7%
Niobium
93.3%
Tantalum
92%
% Correct
Uranium
92%
Palladium
90.7%
Helium
86.7%
Cerium
81.3%
Iridium
78.7%
Cadmium
76%
Vanadium
74.7%
Tellurium
72%
Tin
21.3%
Remove Ads.
Support Sporcle.
Get the best of Sporcle when you Go Orange. This ad-free experience offers more features, more stats, and more fun while also helping to support Sporcle. Thank you for becoming a member.

You're not logged in!

Compare scores with friends on all Sporcle quizzes.
OR
Log In

Show Comments

Extras

Top Quizzes Today


Score Distribution

Your Account Isn't Verified!

In order to create a playlist on Sporcle, you need to verify the email address you used during registration. Go to your Sporcle Settings to finish the process.

Report this User

Report this user for behavior that violates our Community Guidelines.

Details: